Score 0/20 Timer 06:00
5 Plays Today
Questions Answer Chain % Correct
What automaker produces the Corolla, Prius and Land Cruiser series of cars?[TO]YO[TA]
92.9%
Which French city has the same name as a fictional teenage girl detective with the surname Drew?[NA]N[CY]
83.3%
What poison was used as a means of committing suicide by many Nazi officials, including Heinrich Himmler?[CY]ANI[DE]
81.9%
What sport, played using wooden sticks with netting at the end, was created by Native American tribes?[LA]CROS[SE]
80.7%
What exclamation meaning 'I have found it' is famously attributed to Greek philosopher Archimedes?[EU]RE[KA]!
79.7%
What Punic military commander shares his name with a cannibalistic villain created by Thomas Harris?[HA]NNIB[AL]
77.1%
What mononymous pop singer has had hit singles including 'Tik Tok' and 'We R Who We R'?[KE]$[HA]
72.5%
Which James Joyce novel shares its name with the first name of a US president?[UL]YSS[ES]
72%
What domesticated mammal occupied the position of the Inca civilization's only beast of burden?[LL]A[MA]
71.4%
By what name is the light-sensitive layer of tissue lining the inner surface of the eye known?[RE]TI[NA]
68.4%
Questions Answer Chain % Correct
What forage crop is also the nickname of a character in 'The Little Rascals'/'Our Gang' series of kids films?[AL]FAL[FA]
67.8%
What newspaper comic strip, featuring a Great Dane of the same name, was turned into a movie in 2010?[MA]RMADU[KE]
65.6%
What Pacific island is strongly associated with French artist Paul Gauguin, who lived there for many years?[TA]HI[TI]
65.6%
When the countries of the world are listed alphabetically, what is the capital city of the first country?[KA]B[UL]
62%
What artificial language, based on the roots of the chief European languages, was devised in 1887?[ES]PERAN[TO]
54.6%
In the musical Grease, what surname features in the name of the high school Danny and Sandy attend?[RY]DE[LL]
49%
According to a popular British music hall song, 'It's a Long Way to' which Irish county?[TI]PPERA[RY]
46.6%
What is the surname of the French actor known for his roles in 'Green Card' and 'Cyrano de Bergerac'?[DE]PARDI[EU]
45.7%
By what name are the poverty-stricken shanty towns endemic to Brazilian urban areas known?[FA]VE[LA]
34.7%
What maritime system for conveying information uses handheld flags or paddles to create visual signals?[SE]MAPHO[RE]
33%
Remove Ads.
Support Sporcle.
Get the best of Sporcle when you Go Orange. This ad-free experience offers more features, more stats, and more fun while also helping to support Sporcle. Thank you for becoming a member.

You're not logged in!

Compare scores with friends on all Sporcle quizzes.
OR
Log In

Show Comments

Extras

Top Quizzes Today


Score Distribution

Your Account Isn't Verified!

In order to create a playlist on Sporcle, you need to verify the email address you used during registration. Go to your Sporcle Settings to finish the process.

Report this User

Report this user for behavior that violates our Community Guidelines.

Details: